000 00968nam a2200289 i 4500
001 000015712
003 DO-SdBNP
005 20240119123410.0
007 ta
008 100217s1971 es 001 0 spa d
040 _aDO-SdBNP
_bspa
_cBNPHU
_erda
082 4 _a346.7293
_bR426c, 1971
_222
110 1 _aRepública Dominicana
_9447
240 1 3 _aCódigo civil
245 1 0 _aCódigo civil de la República Dominicana :
_bleyes que lo modifican y lo completan /
_cPlinio Terrero Peña.
250 _a2a. ed.
264 _aMadrid :
_bGráficas Meri,
_c1971.
300 _a518 páginas ;
_c24 cm.
336 _2rdacontent
_atexto
_btxt
337 _2rdamedia
_asin mediación
_bn
338 _2rdacarrier
_avolumen
_bnc
500 _aIncluye referencias bibliográficas y notas al pie de las páginas
590 _aInventariado, 2020 / DG
650 4 _aDerecho civil
_zRepública Dominicana
_91058
910 _aValidado. Control de calidad MFF
942 _2ddc
_cLBS1
999 _c15264
_d15264